[Event "DEN-ch rapid"]
[Site "Fredericia"]
[Date "2016.09.25"]
[Round "3"]
[White "Moller, Leif"]
[Black "Fries Nielsen, Jens Ove"]
[Result "0-1"]
[WhiteElo "1954"]
[BlackElo "2426"]
[PlyCount "66"]
[EventDate "2016.09.25"]
[EventType "swiss (rapid)"]
[EventRounds "7"]
[EventCountry "DEN"]
[SourceTitle "EXT 2018"]
[Source "ChessBase"]
[SourceDate "2017.10.13"]
[SourceVersion "1"]
[SourceVersionDate "2017.10.13"]
[SourceQuality "1"]

1. d4 g6 2. Nf3 Bg7 3. g3 f5 4. Bg2 d6 5. c3 Nf6 6. Bf4 h6 7. Nbd2 g5 8. Be3 Ng4 9. Nf1 Nxe3 10. Nxe3 c6 11. Qc2 0-0 12. b4 a5 13. 0-0 axb4 14. cxb4 g4 15. Nh4 e6 16. Rad1 Nd7 17. b5 d5 18. bxc6 bxc6 19. Qxc6 Ra6 20. Qb5 Qg5 21. Rc1 Rb6 22. Qa5 f4 23. Nc2 Rc6 24. Qb5 Rc4 25. Bh1 fxg3 26. hxg3 Bxd4 27. e3 Bc5 28. Nd4 Rxc1 29. Rxc1 Bxd4 30. Rxc8 Rxc8 31. Qxd7 Rc1+ 32. Kh2 Qf6 33. exd4 Qxf2+ 0-1

[Event "DEN-ch Blitz final Gr 1"]
[Site "Svendborg"]
[Date "2016.03.25"]
[Round "7"]
[White "Thogersen, Rasmus"]
[Black "Moller, Leif"]
[Result "1-0"]
[WhiteElo "2109"]
[BlackElo "2111"]
[PlyCount "57"]
[EventDate "2016.03.25"]
[EventType "tourn (blitz)"]
[EventRounds "7"]
[EventCountry "DEN"]
[SourceTitle "EXT 2023"]
[Source "ChessBase"]
[SourceDate "2022.10.05"]
[SourceVersion "1"]
[SourceVersionDate "2022.10.05"]
[SourceQuality "1"]

1. e4 e5 2. Nf3 d6 3. d4 exd4 4. Nxd4 Be7 5. Nc3 Nf6 6. Be2 0-0 7. Bf4 Nc6 8. Qd2 Nxd4 9. Qxd4 a6 10. 0-0-0 b5 11. g4 b4 12. Nd5 Nxd5 13. Qxd5 Be6 14. Qa5 c5 15. Qxd8 Rfxd8 16. Bf3 c4 17. Rd4 b3 18. axb3 cxb3 19. c3 a5 20. Rhd1 a4 21. e5 a3 22. Bxa8 Rxa8 23. bxa3 Rxa3 24. exd6 Bd8 25. Rb4 Ra1+ 26. Kd2 Ra2+ 27. Ke3 Bxg4 28. f3 Be6 29. Rb8 1-0